<?xml version="1.0" encoding="UTF-8"?>
<record
    xmlns:xsi="http://www.w3.org/2001/XMLSchema-instance"
    xsi:schemaLocation="http://www.loc.gov/MARC21/slim http://www.loc.gov/standards/marcxml/schema/MARC21slim.xsd"
    xmlns="http://www.loc.gov/MARC21/slim">

  <leader>02049cam a22003974a 4500</leader>
  <controlfield tag="001">16386172</controlfield>
  <controlfield tag="003">OSt</controlfield>
  <controlfield tag="005">20150408114112.0</controlfield>
  <controlfield tag="008">100809s2011    paua     b    001 0 eng  </controlfield>
  <datafield tag="010" ind1=" " ind2=" ">
    <subfield code="a">  2010033921</subfield>
  </datafield>
  <datafield tag="020" ind1=" " ind2=" ">
    <subfield code="a">9780803623620</subfield>
  </datafield>
  <datafield tag="020" ind1=" " ind2=" ">
    <subfield code="a">0803623623</subfield>
  </datafield>
  <datafield tag="035" ind1=" " ind2=" ">
    <subfield code="a">(DNLM)101537829</subfield>
  </datafield>
  <datafield tag="040" ind1=" " ind2=" ">
    <subfield code="d">DLC</subfield>
    <subfield code="a">DNLM/DLC</subfield>
    <subfield code="c">DLC</subfield>
  </datafield>
  <datafield tag="042" ind1=" " ind2=" ">
    <subfield code="a">pcc</subfield>
  </datafield>
  <datafield tag="050" ind1="0" ind2="0">
    <subfield code="a">QP303</subfield>
    <subfield code="b">.N59 2011</subfield>
  </datafield>
  <datafield tag="060" ind1="1" ind2="0">
    <subfield code="a">WE 300</subfield>
  </datafield>
  <datafield tag="082" ind1="0" ind2="0">
    <subfield code="a">612.75</subfield>
    <subfield code="2">22</subfield>
    <subfield code="b">JOS</subfield>
  </datafield>
  <datafield tag="245" ind1="0" ind2="0">
    <subfield code="a">Joint structure and function :</subfield>
    <subfield code="b">a comprehensive analysis /</subfield>
    <subfield code="c">[edited by] Pamela K. Levangie, Cynthia C. Norkin.</subfield>
  </datafield>
  <datafield tag="250" ind1=" " ind2=" ">
    <subfield code="a">5th ed.</subfield>
  </datafield>
  <datafield tag="260" ind1=" " ind2=" ">
    <subfield code="a">Philadelphia :</subfield>
    <subfield code="b">F.A. Davis Co.,</subfield>
    <subfield code="c">c2011.</subfield>
  </datafield>
  <datafield tag="300" ind1=" " ind2=" ">
    <subfield code="a">xxii, 588 p. ;</subfield>
    <subfield code="b">ill. (some col.) ;</subfield>
    <subfield code="c">29 cm. +</subfield>
    <subfield code="e">1 videodisc (4 3/4 in.)</subfield>
  </datafield>
  <datafield tag="500" ind1=" " ind2=" ">
    <subfield code="a">Rev. ed. of: Joint structure and function / Pamela K. Levangie, Cynthia C. Norkin. 4th ed. c2005.</subfield>
  </datafield>
  <datafield tag="504" ind1=" " ind2=" ">
    <subfield code="a">Includes bibliographical references and index.</subfield>
  </datafield>
  <datafield tag="505" ind1="0" ind2=" ">
    <subfield code="a">Biomechanical applications to joint structure and function / Samuel R. Ward -- Joint structure and function / Sandra Curwin -- Muscle structure and function / Gary Chleboun -- The vertebral column / Diane Dalton -- The thorax and chest wall / Julie Starr, Diane Dalton -- The temporomandibular joint / Pamela D. Ritzline -- The shoulder complex / Paula M. Ludewig, John D. Borstad -- Elbow complex / Cynthia C. Norkin -- Wrist and hand complex / Noelle M. Austin -- The hip complex / RobRoy L. Martin, Ben Kivlan -- The knee / Erin Hartigan, Michael Lewek, Lynn Snyder-Macker -- The ankle and foot complex / RobRoy L. Martin -- Posture / Cynthia C. Norkin -- Gait / Sandra J. Olney, Janice Eng.</subfield>
  </datafield>
  <datafield tag="650" ind1=" " ind2="0">
    <subfield code="a">Human mechanics.</subfield>
    <subfield code="9">10178</subfield>
  </datafield>
  <datafield tag="650" ind1=" " ind2="0">
    <subfield code="a">Joints.</subfield>
  </datafield>
  <datafield tag="650" ind1="1" ind2="2">
    <subfield code="a">Joints</subfield>
    <subfield code="x">anatomy &amp; histology.</subfield>
    <subfield code="9">20072</subfield>
  </datafield>
  <datafield tag="650" ind1="2" ind2="2">
    <subfield code="a">Joints</subfield>
    <subfield code="x">physiology.</subfield>
    <subfield code="9">20073</subfield>
  </datafield>
  <datafield tag="700" ind1="1" ind2=" ">
    <subfield code="a">Levangie, Pamela K.</subfield>
    <subfield code="9">20074</subfield>
  </datafield>
  <datafield tag="700" ind1="1" ind2=" ">
    <subfield code="a">Norkin, Cynthia C.</subfield>
    <subfield code="9">20075</subfield>
  </datafield>
  <datafield tag="700" ind1="1" ind2=" ">
    <subfield code="a">Levangie, Pamela K.</subfield>
    <subfield code="t">Joint structure and function.</subfield>
    <subfield code="9">20076</subfield>
  </datafield>
  <datafield tag="906" ind1=" " ind2=" ">
    <subfield code="a">7</subfield>
    <subfield code="b">cbc</subfield>
    <subfield code="c">orignew</subfield>
    <subfield code="d">1</subfield>
    <subfield code="e">ecip</subfield>
    <subfield code="f">20</subfield>
    <subfield code="g">y-gencatlg</subfield>
  </datafield>
  <datafield tag="942" ind1=" " ind2=" ">
    <subfield code="2">ddc</subfield>
    <subfield code="c">DVD</subfield>
  </datafield>
  <datafield tag="999" ind1=" " ind2=" ">
    <subfield code="c">27190</subfield>
    <subfield code="d">261690</subfield>
  </datafield>
  <datafield tag="952" ind1=" " ind2=" ">
    <subfield code="1">0</subfield>
    <subfield code="2">2013-03-10</subfield>
    <subfield code="4">0</subfield>
    <subfield code="7">1</subfield>
    <subfield code="a">612.75 JOS</subfield>
    <subfield code="c">n1</subfield>
    <subfield code="d">2013-01-29</subfield>
    <subfield code="h">AMF</subfield>
    <subfield code="i">00500263</subfield>
    <subfield code="m">AMF</subfield>
    <subfield code="r">2013-03-10 00:00:00</subfield>
    <subfield code="t">BOOK</subfield>
    <subfield code="w">ddc</subfield>
    <subfield code="y">0</subfield>
  </datafield>
  <datafield tag="952" ind1=" " ind2=" ">
    <subfield code="1">0</subfield>
    <subfield code="2">2013-03-10</subfield>
    <subfield code="4">0</subfield>
    <subfield code="7">0</subfield>
    <subfield code="a">612.75 JOS</subfield>
    <subfield code="c">n2</subfield>
    <subfield code="d">2013-01-29</subfield>
    <subfield code="h">AMF</subfield>
    <subfield code="i">00500308</subfield>
    <subfield code="m">AMF</subfield>
    <subfield code="r">2014-05-20 00:00:00</subfield>
    <subfield code="t">BOOK</subfield>
    <subfield code="w">ddc</subfield>
    <subfield code="y">0</subfield>
  </datafield>
  <datafield tag="952" ind1=" " ind2=" ">
    <subfield code="1">0</subfield>
    <subfield code="2">2013-03-10</subfield>
    <subfield code="4">0</subfield>
    <subfield code="7">0</subfield>
    <subfield code="a">612.75 JOS</subfield>
    <subfield code="c">n3</subfield>
    <subfield code="d">2013-01-29</subfield>
    <subfield code="h">AMF</subfield>
    <subfield code="i">00500309</subfield>
    <subfield code="m">AMF</subfield>
    <subfield code="q">2014-11-02</subfield>
    <subfield code="r">2014-11-26 00:00:00</subfield>
    <subfield code="t">BOOK</subfield>
    <subfield code="w">ddc</subfield>
    <subfield code="y">1</subfield>
  </datafield>
  <datafield tag="952" ind1=" " ind2=" ">
    <subfield code="1">0</subfield>
    <subfield code="2">2015-10-13</subfield>
    <subfield code="4">0</subfield>
    <subfield code="7">0</subfield>
    <subfield code="a">612.75 JOS</subfield>
    <subfield code="d">2015-10-13</subfield>
    <subfield code="h">CL</subfield>
    <subfield code="i">00654307</subfield>
    <subfield code="m">CL</subfield>
    <subfield code="q">2018-02-04</subfield>
    <subfield code="r">2018-05-14 00:00:00</subfield>
    <subfield code="t">BOOK</subfield>
    <subfield code="w">ddc</subfield>
    <subfield code="y">2</subfield>
  </datafield>
  <datafield tag="952" ind1=" " ind2=" ">
    <subfield code="1">0</subfield>
    <subfield code="2">2015-10-13</subfield>
    <subfield code="4">0</subfield>
    <subfield code="7">0</subfield>
    <subfield code="a">612.75 JOS</subfield>
    <subfield code="d">2015-10-13</subfield>
    <subfield code="h">CL</subfield>
    <subfield code="i">00654308</subfield>
    <subfield code="m">CL</subfield>
    <subfield code="q">2017-10-01</subfield>
    <subfield code="r">2018-01-01 00:00:00</subfield>
    <subfield code="t">BOOK</subfield>
    <subfield code="w">ddc</subfield>
    <subfield code="y">1</subfield>
  </datafield>
  <datafield tag="952" ind1=" " ind2=" ">
    <subfield code="1">0</subfield>
    <subfield code="2">2015-10-13</subfield>
    <subfield code="4">0</subfield>
    <subfield code="7">0</subfield>
    <subfield code="a">612.75 JOS</subfield>
    <subfield code="d">2015-10-13</subfield>
    <subfield code="h">CL</subfield>
    <subfield code="i">00654309</subfield>
    <subfield code="m">CL</subfield>
    <subfield code="q">2020-02-19</subfield>
    <subfield code="r">2021-05-06 00:00:00</subfield>
    <subfield code="t">BOOK</subfield>
    <subfield code="w">ddc</subfield>
    <subfield code="y">2</subfield>
  </datafield>
  <datafield tag="952" ind1=" " ind2=" ">
    <subfield code="1">0</subfield>
    <subfield code="2">2022-01-11</subfield>
    <subfield code="4">0</subfield>
    <subfield code="7">0</subfield>
    <subfield code="a">612.75 JOS</subfield>
    <subfield code="d">2022-01-11</subfield>
    <subfield code="h">AMF</subfield>
    <subfield code="i">00503580</subfield>
    <subfield code="m">AMF</subfield>
    <subfield code="r">2022-01-11 00:00:00</subfield>
    <subfield code="t">BOOK</subfield>
    <subfield code="w">ddc</subfield>
    <subfield code="y">0</subfield>
  </datafield>
  <datafield tag="952" ind1=" " ind2=" ">
    <subfield code="1">0</subfield>
    <subfield code="2">2022-01-11</subfield>
    <subfield code="4">0</subfield>
    <subfield code="7">0</subfield>
    <subfield code="a">612.75 JOS</subfield>
    <subfield code="d">2022-01-11</subfield>
    <subfield code="h">AMF</subfield>
    <subfield code="i">00503581</subfield>
    <subfield code="m">AMF</subfield>
    <subfield code="r">2022-01-11 00:00:00</subfield>
    <subfield code="t">BOOK</subfield>
    <subfield code="w">ddc</subfield>
    <subfield code="y">0</subfield>
  </datafield>
  <datafield tag="952" ind1=" " ind2=" ">
    <subfield code="1">0</subfield>
    <subfield code="2">2022-01-11</subfield>
    <subfield code="4">0</subfield>
    <subfield code="7">0</subfield>
    <subfield code="a">612.75 JOS</subfield>
    <subfield code="d">2022-01-11</subfield>
    <subfield code="h">AMF</subfield>
    <subfield code="i">00503582</subfield>
    <subfield code="m">AMF</subfield>
    <subfield code="r">2022-01-11 00:00:00</subfield>
    <subfield code="t">BOOK</subfield>
    <subfield code="w">ddc</subfield>
    <subfield code="y">0</subfield>
  </datafield>
  <datafield tag="952" ind1=" " ind2=" ">
    <subfield code="1">0</subfield>
    <subfield code="2">2022-01-11</subfield>
    <subfield code="4">0</subfield>
    <subfield code="7">0</subfield>
    <subfield code="a">612.75 JOS</subfield>
    <subfield code="d">2022-01-11</subfield>
    <subfield code="h">AMF</subfield>
    <subfield code="i">00503583</subfield>
    <subfield code="m">AMF</subfield>
    <subfield code="r">2022-01-11 00:00:00</subfield>
    <subfield code="t">BOOK</subfield>
    <subfield code="w">ddc</subfield>
    <subfield code="y">0</subfield>
  </datafield>
  <datafield tag="952" ind1=" " ind2=" ">
    <subfield code="1">0</subfield>
    <subfield code="2">2022-01-11</subfield>
    <subfield code="4">0</subfield>
    <subfield code="7">0</subfield>
    <subfield code="a">612.75 JOS</subfield>
    <subfield code="d">2022-01-11</subfield>
    <subfield code="h">AMF</subfield>
    <subfield code="i">00503584</subfield>
    <subfield code="m">AMF</subfield>
    <subfield code="r">2022-01-11 00:00:00</subfield>
    <subfield code="t">BOOK</subfield>
    <subfield code="w">ddc</subfield>
    <subfield code="y">0</subfield>
  </datafield>
  <datafield tag="952" ind1=" " ind2=" ">
    <subfield code="1">0</subfield>
    <subfield code="2">2022-01-11</subfield>
    <subfield code="4">0</subfield>
    <subfield code="7">0</subfield>
    <subfield code="a">612.75 JOS</subfield>
    <subfield code="d">2022-01-11</subfield>
    <subfield code="h">AMF</subfield>
    <subfield code="i">00503585</subfield>
    <subfield code="m">AMF</subfield>
    <subfield code="r">2022-01-11 00:00:00</subfield>
    <subfield code="t">BOOK</subfield>
    <subfield code="w">ddc</subfield>
    <subfield code="y">0</subfield>
  </datafield>
  <datafield tag="952" ind1=" " ind2=" ">
    <subfield code="1">0</subfield>
    <subfield code="2">2022-01-11</subfield>
    <subfield code="4">0</subfield>
    <subfield code="7">0</subfield>
    <subfield code="a">612.75 JOS</subfield>
    <subfield code="d">2022-01-11</subfield>
    <subfield code="h">AMF</subfield>
    <subfield code="i">00503586</subfield>
    <subfield code="m">AMF</subfield>
    <subfield code="r">2022-01-11 00:00:00</subfield>
    <subfield code="t">BOOK</subfield>
    <subfield code="w">ddc</subfield>
    <subfield code="y">0</subfield>
  </datafield>
  <datafield tag="952" ind1=" " ind2=" ">
    <subfield code="1">0</subfield>
    <subfield code="2">2022-01-11</subfield>
    <subfield code="4">0</subfield>
    <subfield code="7">0</subfield>
    <subfield code="a">612.75 JOS</subfield>
    <subfield code="d">2022-01-11</subfield>
    <subfield code="h">AMF</subfield>
    <subfield code="i">00503587</subfield>
    <subfield code="m">AMF</subfield>
    <subfield code="r">2022-01-11 00:00:00</subfield>
    <subfield code="t">BOOK</subfield>
    <subfield code="w">ddc</subfield>
    <subfield code="y">0</subfield>
  </datafield>
  <datafield tag="952" ind1=" " ind2=" ">
    <subfield code="1">0</subfield>
    <subfield code="2">2022-01-11</subfield>
    <subfield code="4">0</subfield>
    <subfield code="7">0</subfield>
    <subfield code="a">612.75 JOS</subfield>
    <subfield code="d">2022-01-11</subfield>
    <subfield code="h">AMF</subfield>
    <subfield code="i">00503588</subfield>
    <subfield code="m">AMF</subfield>
    <subfield code="r">2022-01-11 00:00:00</subfield>
    <subfield code="t">BOOK</subfield>
    <subfield code="w">ddc</subfield>
    <subfield code="y">0</subfield>
  </datafield>
  <datafield tag="952" ind1=" " ind2=" ">
    <subfield code="1">0</subfield>
    <subfield code="2">2022-01-11</subfield>
    <subfield code="4">0</subfield>
    <subfield code="7">0</subfield>
    <subfield code="a">612.75 JOS</subfield>
    <subfield code="d">2022-01-11</subfield>
    <subfield code="h">AMF</subfield>
    <subfield code="i">00503589</subfield>
    <subfield code="m">AMF</subfield>
    <subfield code="r">2022-01-11 00:00:00</subfield>
    <subfield code="t">BOOK</subfield>
    <subfield code="w">ddc</subfield>
    <subfield code="y">0</subfield>
  </datafield>
  <datafield tag="952" ind1=" " ind2=" ">
    <subfield code="1">0</subfield>
    <subfield code="2">2022-01-11</subfield>
    <subfield code="4">0</subfield>
    <subfield code="7">0</subfield>
    <subfield code="a">612.75 JOS</subfield>
    <subfield code="d">2022-01-11</subfield>
    <subfield code="h">AMF</subfield>
    <subfield code="i">00503590</subfield>
    <subfield code="m">AMF</subfield>
    <subfield code="r">2022-01-11 00:00:00</subfield>
    <subfield code="t">BOOK</subfield>
    <subfield code="w">ddc</subfield>
    <subfield code="y">0</subfield>
  </datafield>
  <datafield tag="952" ind1=" " ind2=" ">
    <subfield code="1">0</subfield>
    <subfield code="2">2022-01-11</subfield>
    <subfield code="4">0</subfield>
    <subfield code="7">0</subfield>
    <subfield code="a">612.75 JOS</subfield>
    <subfield code="d">2022-01-11</subfield>
    <subfield code="h">AMF</subfield>
    <subfield code="i">00503591</subfield>
    <subfield code="m">AMF</subfield>
    <subfield code="r">2022-01-11 00:00:00</subfield>
    <subfield code="t">BOOK</subfield>
    <subfield code="w">ddc</subfield>
    <subfield code="y">0</subfield>
  </datafield>
  <datafield tag="952" ind1=" " ind2=" ">
    <subfield code="1">0</subfield>
    <subfield code="2">2022-01-11</subfield>
    <subfield code="4">0</subfield>
    <subfield code="7">0</subfield>
    <subfield code="a">612.75 JOS</subfield>
    <subfield code="d">2022-01-11</subfield>
    <subfield code="h">AMF</subfield>
    <subfield code="i">00503592</subfield>
    <subfield code="m">AMF</subfield>
    <subfield code="r">2022-01-11 00:00:00</subfield>
    <subfield code="t">BOOK</subfield>
    <subfield code="w">ddc</subfield>
    <subfield code="y">0</subfield>
  </datafield>
</record>
